[Event "XII Americas Continental-ch 2017"]
[Site "Medellin"]
[Date "2017.06.14"]
[Round "7"]
[White "Cori, Jorge"]
[Black "Bachmann, Axel"]
[Result "1-0"]
[WhiteElo "2618"]
[BlackElo "2653"]
[Annotator "TA"]
[PlyCount "101"]
[EventDate "2017.??.??"]
[EventType "swiss"]
[EventCountry "COL"]
[SourceTitle "playchess.com"]
[Source "ChessBase"]
[SourceQuality "1"]

{[%evp 16,101,40,36,39,36,41,33,38,46,55,46,53,0,4,3,19,9,64,17,14,0,0,0,29,0,3,0,0,0,25,22,13,14,11,8,30,30,56,56,56,56,62,62,62,62,62,62,62,62,62,52,52,52,52,52,52,52,62,52,69,0,0,-8,59,59,66,66,148,127,127,66,188,184,184,161,156,156,229,229,214,160,214,166,5057,5057,5057,4775]} 1. d4 Nf6 2. Nf3 e6 3. c4 Bb4+ 4. Bd2 a5 5. g3 d5 6. Qc2 O-O 7. Bg2 c5 {E11: Bogo-Indian} 8. cxd5 cxd4 9. Nxd4 {LiveBook: 40 Games} Qb6 {White is slightly better.} 10. e3 Nxd5 11. O-O Bd7 12. Nc3 Nf6 13. a3 $146 ({Predecessor:} 13. Rfc1 e5 14. Nf3 Re8 15. a3 Bxc3 16. Bxc3 {½-½ (25) Malaniuk,V (2523)-Ovsejevitsch,S (2561) Koszalin 2012}) 13... Be7 14. Qb3 (14. Na4 {looks sharper.} Qa6 15. Rfc1 Bc6 16. Bf1 Qa7 17. Nb5) 14... Qxb3 15. Nxb3 a4 16. Nd4 e5 (16... Nc6 $11) 17. Nc2 (17. Ndb5 {is interesting.} Nc6 18. Nc7 Rab8 19. N3d5 Rfc8 20. Rac1) 17... Nc6 18. Nd5 Nxd5 19. Bxd5 Na5 20. Rad1 Rfd8 21. Bc3 Bc6 22. Ba2 {[%cal Bd5a2,Ba2b1,Bb1e4][%mdl 32]} Rdc8 23. Nb4 $36 {[%mdl 2048] White has the initiative.} Bb5 24. Rfe1 Bc4 25. Bb1 Bxb4 26. Bxb4 Nc6 27. Bc3 Rd8 28. Be4 Bb3 29. Rxd8+ Rxd8 30. Bxc6 bxc6 31. Bxe5 Rd1 32. Rxd1 Bxd1 $14 {[%mdl 4096] Endgame KB-KB} 33. Kg2 f5 34. f3 Kf7 35. e4 fxe4 36. fxe4 g6 37. Kf2 c5 38. b4 ({White should try} 38. Bd6 $14) 38... axb3 $11 39. h3 b2 (39... h5 $11) 40. Bxb2 $14 h5 41. Ke3 Bc2 {[#]} (41... Ba4 $14) 42. Kf4 $1 $16 Ke6 {[#]} 43. Bc3 (43. Bg7 $1 $16) 43... Kd6 (43... Ba4 $14) 44. Bg7 Kc6 45. Ke5 Bd3 46. Bh6 Bf1 (46... Bc2 $16 47. h4 c4) 47. Kf6 $18 Bxh3 48. Kxg6 Bg2 (48... Bf1 $16 49. Kf6 (49. Kxh5 Bg2 $14) 49... Bb5) 49. e5 ({Stronger than} 49. Kxh5 Bxe4 50. a4 Bf3+ 51. Kh4 Bd1 $11) 49... Kd5 $2 (49... Kd7 50. Kf5 (50. Kxh5 Ke6 $14) 50... c4) 50. Kf6 Bh3 51. a4 {Precision: White = 66%, Black = 32%.} 1-0

[Event "XII Americas Continental-ch 2017"]
[Site "Medellin"]
[Date "2017.06.14"]
[Round "7"]
[White "Delgado Ramirez, Neuris"]
[Black "Cori Quispe, Kevin Joel"]
[Result "1-0"]
[WhiteElo "2613"]
[BlackElo "2390"]
[Annotator "TA"]
[PlyCount "85"]
[EventDate "2017.??.??"]
[EventType "swiss"]
[EventCountry "COL"]
[SourceTitle "playchess.com"]
[Source "ChessBase"]
[SourceQuality "1"]

{[%evp 18,85,19,6,20,13,14,7,8,0,0,0,0,0,0,0,22,18,39,29,67,70,84,73,81,66,74,76,75,68,80,78,171,154,452,443,433,210,206,105,263,120,180,173,154,189,161,81,393,433,514,158,152,150,160,0,0,0,159,166,406,0,0,0,385,366,302,325,833,730]} 1. e4 c5 2. Nf3 e6 3. d4 cxd4 4. Nxd4 Nc6 5. Nc3 Qc7 6. f4 a6 7. Nxc6 bxc6 8. Bd3 d5 9. O-O Nf6 10. Qe2 Be7 {B46: Sicilian: Taimanov: 5 Nc3 a6} 11. Bd2 O-O 12. b3 (12. Rae1 g6 13. Kh1 Bb7 14. b3 Rfe8 15. e5 Nd7 16. Na4 c5 17. c4 d4 18. Be4 {½-½ (55) Quesada Perez,Y (2630)-Kacheishvili,G (2590) Saint Louis 2017}) 12... Re8 {The position is equal.} 13. Kh1 $146 ({Predecessor:} 13. e5 Nd7 14. Na4 Bb7 15. Rf3 g6 16. Rh3 c5 17. c4 d4 {1-0 (39) Lengyel,B (2385)-Fang,J (2315) Budapest 1998}) 13... Bb7 14. Rae1 Bf8 15. e5 Nd7 $1 16. Rf3 g6 17. h4 {[%cal Bh2h4,Bh4h5][%mdl 32]} c5 18. Rg3 (18. h5 $5) 18... Bg7 19. h5 Rec8 20. Qg4 {[%cal Rh5g6]} Nf8 21. Nd1 c4 22. bxc4 dxc4 23. Bf1 $40 {[%mdl 128] White has some attack.} Qc5 24. Bc3 Nd7 (24... Rc7 $16) 25. Ne3 Nb6 $2 (25... Be4 $16 {was necessary.}) 26. hxg6 $18 hxg6 27. Qh4 (27. f5 $142 Bxe5 28. fxe6) 27... Nd5 28. Ng4 (28. Nxd5 $18 Bxd5 29. Rh3) 28... Nxc3 $2 ({Don't play} 28... Nxf4 $6 29. Nf6+ Bxf6 30. exf6 $11) (28... Kf8 $16) 29. Rxc3 (29. f5 $1 $18) 29... Qd4 (29... Rd8 $16 {is a better defense.}) 30. Rh3 Kf8 31. Nf6 Rc5 32. Qg5 (32. c3 $18 Qd8 33. Nh7+ Kg8 34. Ng5 (34. Nf6+ Bxf6 35. Qxf6 Qxf6 $17)) 32... Qd8 $2 {[%mdl 8192]} (32... Qd2 $16 33. Qg3 Qd4) 33. Rh7 Rac8 34. Re3 $2 (34. Kh2 $18 {and the rest is easy.}) 34... Qd1 $16 35. Kg1 Qd4 36. Ng4 Qd8 $1 37. Nf6 {And now Reh3 would win.} Qd4 38. Kf2 $1 Ra5 $2 (38... Rb5) 39. Ng4 $2 (39. c3 $1 $18 {[%cal Rc3d4]} Rxa2+ 40. Be2) 39... Qd8 $11 {aiming for ...Qxg5.} (39... Rxa2 $2 40. Rxg7 Rxc2+ 41. Kg3 $18) 40. Nf6 Qd4 $2 {[%mdl 8192] [#]} ({But not} 40... Rxa2 41. Be2 $17) (40... Qd2+ $11 {and Black is okay.} 41. Be2 Rxa2) 41. c3 $1 $18 {[%cal Rc3d4]} Rxa2+ 42. Be2 Qd1 $2 {[#]} (42... Qd2) 43. f5 $1 {Precision: White = 41%, Black = 34%.} 1-0

[Event "XII Americas Continental-ch 2017"]
[Site "Medellin"]
[Date "2017.06.14"]
[Round "7"]
[White "Pichot, Alan"]
[Black "Torres, Juan Camilo"]
[Result "1/2-1/2"]
[WhiteElo "2577"]
[BlackElo "2275"]
[Annotator "TA"]
[PlyCount "105"]
[EventDate "2017.??.??"]
[EventType "swiss"]
[EventCountry "COL"]
[SourceTitle "playchess.com"]
[Source "ChessBase"]
[SourceQuality "1"]

{[%evp 29,105,40,38,33,52,26,31,31,51,18,17,11,10,8,25,0,23,15,33,0,27,10,10,-7,-12,-8,-13,-7,-3,-14,-24,-14,-14,-39,-45,-36,-45,-81,0,0,0,0,0,-16,0,0,0,0,0,0,0,0,0,0,0,0,0,0,0,0,0,0,0,0,0,0,8,0,0,0,0,0,0,0,0,0,0,0]} 1. e4 e5 2. Nf3 Nc6 3. Bb5 a6 4. Ba4 Nf6 5. O-O Be7 6. Re1 b5 7. Bb3 d6 8. c3 O-O 9. h3 Nd7 10. d4 Bf6 11. a4 Bb7 12. d5 Ne7 13. axb5 axb5 14. Rxa8 Qxa8 15. Na3 {[%cal Bb1a3,Ba3c2,Bc2b4][%mdl 32]} Ba6 {LiveBook: 77 Games} 16. Ba2 {C92: Closed Ruy Lopez: 9...Be6, Karpov and Flohr-Zaitsev Variations} (16. Nh2 Ng6 17. Ng4 Be7 18. Ne3 Rb8 19. Nec2 Nc5 20. Nb4 Bc8 21. Nc6 Rb6 22. Bc2 Bd7 23. b4 Nb7 24. Be3 Rxc6 25. dxc6 Bxc6 {½-½ (78) Dominguez Perez,L (2726)-Svidler,P (2739) Tbilisi 2015}) 16... g6 $146 ({Predecessor:} 16... c5 17. dxc6 Qxc6 18. Nc2 Qc7 19. Nb4 Bb7 20. Nh2 Ng6 21. Ng4 Be7 22. Bd5 Nb6 23. Bxb7 Qxb7 {1-0 (48) Magem Badals,J (2484)-Poyato Sala,J (2174) Banyoles 2003}) 17. Bh6 Bg7 18. Qd2 {White is slightly better.} f6 19. Nc2 Bc8 {[#] aiming for ...Bxh6.} 20. Nb4 Nc5 21. Bb1 {[%cal Ba2b1,Bb1c2,Bc2b3][%mdl 32]} Bd7 (21... Nb3 $5 {[%cal Rb3d2]} 22. Qe3 Nc5 $14) 22. Bc2 Qb7 (22... g5 $5 {[%cal Rg7h6]} 23. Bxg7 Kxg7 $14) 23. Be3 Na6 24. Bb3 (24. Ra1 $5 {[%cal Ra1a6]} Nxb4 25. cxb4 $11) 24... Kh8 25. Ra1 Ra8 26. Ne1 Nxb4 27. Rxa8+ Qxa8 28. cxb4 f5 {Hoping for ...f4.} 29. f3 (29. Qc3 $5 {[%cal Rc3c7]} Qc8 30. f3 $11 (30. Bg5 Ng8 $11)) 29... Ng8 30. exf5 Bxf5 31. Nd3 Bxd3 32. Qxd3 Qa1+ 33. Bd1 e4 (33... Bh6 $17 {...Bxe3+ is the strong threat.} 34. Bxh6 Nxh6) 34. fxe4 $11 {The position is equal.} Bxb2 35. Kf2 Bc3 36. Kf3 Be5 37. Be2 Qe1 {[%csl Ge5][%cal Re1g3] [#]} 38. Bf2 Qxb4 39. Qxb5 Qc3+ 40. Qd3 Qc1 {[%csl Ge5][%cal Rc1f4]} 41. Qe3 Qc2 42. g3 {[%cal Bg2g3,Bg3g4,Bg4g5][%mdl 32]} c5 43. dxc6 Qxc6 44. Kg2 Nf6 45. Bf3 Kg7 46. g4 Qc7 47. h4 Qd7 48. Qe2 Qf7 49. Be3 h5 50. g5 Nd7 51. Qc2 Nc5 52. Be2 Ne6 53. Qd2 {Precision: White = 63%, Black = 65%.} 1/2-1/2

[Event "XII Americas Continental-ch 2017"]
[Site "Medellin"]
[Date "2017.06.14"]
[Round "7"]
[White "Peralta, Fernando"]
[Black "Pulvett Marin, Daniel"]
[Result "1/2-1/2"]
[WhiteElo "2569"]
[BlackElo "2437"]
[Annotator "TA"]
[PlyCount "91"]
[EventDate "2017.??.??"]
[EventType "swiss"]
[EventCountry "COL"]
[SourceTitle "playchess.com"]
[Source "ChessBase"]
[SourceQuality "1"]

{[%evp 10,91,11,18,36,35,36,36,57,54,42,39,42,47,69,27,43,42,50,53,46,52,59,32,38,23,51,47,72,46,58,39,63,55,56,42,51,47,39,37,34,31,29,31,21,17,22,19,18,27,36,35,42,43,33,27,24,22,28,0,8,0,1,0,9,5,9,9,13,10,10,0,6,0,32,36,36,40,38,8,8,8,7,6]} 1. d4 Nf6 2. c4 e6 3. Nf3 Bb4+ 4. Nbd2 O-O 5. a3 Be7 6. e4 d6 {E11: Bogo-Indian} 7. Be2 Nbd7 8. Qc2 (8. O-O e5 9. b4 exd4 10. Nxd4 Re8 11. f3 a5 12. N2b3 axb4 13. axb4 Rxa1 14. Nxa1 {½-½ (59) Rodshtein,M (2698)-Bachmann,A (2646) Chartres 2017}) 8... e5 {White is slightly better.} 9. Nb1 c6 10. O-O Re8 11. Nc3 Bf8 12. Rd1 exd4 13. Nxd4 Nc5 {[%cal Rc5e4]} 14. f3 a5 15. b3 $146 ({Predecessor:} 15. Be3 Qc7 16. b4 axb4 17. axb4 Rxa1 18. Rxa1 Na6 19. b5 Nb4 {½-½ (59) Slipak,S (2415)-Dolezal,C Buenos Aires 1991}) 15... g6 16. Rb1 Nh5 17. Be3 Qh4 18. Qd2 Bg7 {[#] And now ...Be5 would win.} 19. Bf2 (19. Bf1 {seems wilder.} Qe7 20. Bf2 Bf6 21. g3 Bg5 22. Qc2) 19... Qf6 20. Bf1 Rd8 21. Nde2 Be6 22. Bd4 Qe7 23. Bxg7 Nxg7 24. b4 axb4 25. axb4 Na4 26. Nxa4 Rxa4 27. Nc3 Raa8 28. Ra1 Rxa1 29. Rxa1 Ne8 30. Qd4 Qf6 31. Qxf6 Nxf6 32. Ra7 Rb8 33. Kf2 Nd7 34. Nb1 Kf8 35. Nd2 Ke8 36. Be2 Nb6 37. f4 Kd8 38. g4 f6 39. h4 Kc7 40. Ra5 Re8 41. Ra3 Bf7 42. g5 h6 43. gxf6 {Hoping for h5.} Nd7 44. Bf3 Nxf6 45. Ra1 g5 46. hxg5 {Precision: White = 70%, Black = 57%.} 1/2-1/2

[Event "XII Americas Continental-ch 2017"]
[Site "Medellin"]
[Date "2017.06.14"]
[Round "7"]
[White "Cruz, Cristhian"]
[Black "Panesso Rivera, Henry"]
[Result "1-0"]
[WhiteElo "2558"]
[BlackElo "2421"]
[Annotator "TA"]
[PlyCount "60"]
[EventDate "2017.??.??"]
[EventType "swiss"]
[EventCountry "COL"]
[SourceTitle "playchess.com"]
[Source "ChessBase"]
[SourceQuality "1"]

{[%evp 13,60,-42,-38,-93,-84,-87,-79,-79,-14,-40,-50,-58,3,0,0,-23,-20,-18,0,0,0,0,45,10,27,24,32,27,17,1,58,56,53,51,72,46,72,49,49,47,50,28,74,67,58,51,285,279,602]} 1. d4 Nf6 2. c4 g6 3. Nc3 Bg7 4. e4 d6 5. Be2 O-O 6. Be3 c5 7. Nf3 Ng4 $1 8. Bc1 {[#] E90: King's Indian: Classical: Early deviations and 6 h3} (8. h3 $15 Nxe3 9. fxe3) (8. O-O Nxe3 9. fxe3 Nc6 10. Qd2 Qa5 11. Rad1 a6 12. a3 Bg4 13. h3 Bxf3 14. Bxf3 cxd4 15. exd4 Bxd4+ {0-1 (38) Kajevic,D (2124)-Damljanovic,B (2539) Bihac 2010}) 8... cxd4 $1 $17 9. Nxd4 Qb6 10. Bxg4 {Black is better.} Qxd4 (10... Bxg4 $17 11. Qxg4 Qxd4) 11. Qxd4 (11. Be2 {looks sharper.} Qxd1+ 12. Nxd1 Nc6 13. Ne3 Be6 14. Rb1) 11... Bxd4 12. Nb5 {Hoping for Bxc8.} Bxg4 $146 (12... Bg7 $15 13. Be2 Nc6) ({Predecessor:} 12... Nc6 13. Nxd4 Nxd4 14. Bd1 f5 15. Be3 Nc6 16. exf5 Bxf5 {½-½ (48) Zesiger,H (2101)-Vucenovic,D (2272) Silvaplana 2003}) 13. Nxd4 $11 Nc6 14. Nc2 Be6 15. b3 f5 16. exf5 Bxf5 17. Ne3 Nd4 18. Kd2 (18. Bb2 $5 {[%cal Rb2d4]} Nc2+ 19. Nxc2 Bxc2 20. O-O $14) 18... Be4 (18... Bd7 $5 {[%cal Rf8f2]}) 19. f3 Bc6 20. Re1 (20. Bb2 $5 {[%cal Rb2d4]} Nf5 21. Rhe1 $11) 20... e5 21. Bb2 (21. Ba3 {is more complex.} Rad8 22. Red1 h5 23. Bb4 h4 24. h3) 21... Ne6 (21... Bxf3 $11 22. Bxd4 exd4 23. gxf3 dxe3+ 24. Rxe3 Rf5) 22. Rad1 $14 Rad8 23. Kc1 Rd7 24. Rd2 h5 25. Red1 Rfd8 26. Nd5 {And now Nf6+ would win.} Kf7 27. Ba3 Nd4 {[#]} 28. Nb4 $1 Nf5 29. Nd3 b6 $2 {[#]} ({Black should play} 29... Kf6 $14) 30. Bxd6 $1 $18 {[%mdl 512]} Ra8 $2 {Precision: White = 41%, Black = 28%.} (30... Rxd6 31. Nxe5+ Kf6 32. Nxc6 Rxd2 33. Rxd2 Rxd2 34. Kxd2 a5) 1-0

[Event "XII Americas Continental-ch 2017"]
[Site "Medellin"]
[Date "2017.06.14"]
[Round "7"]
[White "Bacallao Alonso, Yusnel"]
[Black "Sevian, Samuel"]
[Result "1/2-1/2"]
[WhiteElo "2554"]
[BlackElo "2601"]
[Annotator "TA"]
[PlyCount "76"]
[EventDate "2017.??.??"]
[EventType "swiss"]
[EventCountry "COL"]
[SourceTitle "playchess.com"]
[Source "ChessBase"]
[SourceQuality "1"]

{[%evp 21,76,0,16,0,0,-12,1,-10,0,0,12,-6,-6,-18,-27,-18,-14,-11,-16,-25,-16,-7,0,0,0,0,0,0,0,0,-2,-27,0,0,0,0,0,0,0,0,0,0,0,-19,0,0,0,0,0,0,0,0,0,0,0,0,0]} 1. d4 Nf6 2. c4 e6 3. Nf3 d5 4. Nc3 c6 5. e3 Nbd7 6. Qc2 Bd6 7. Bd3 O-O 8. O-O dxc4 9. Bxc4 b5 10. Bd3 Bb7 11. a3 Rc8 12. b4 {D46: Semi-Slav: 5 e3 Nbd7 6 Bd3, Black avoids the Meran} a5 13. Qb3 e5 14. Ne4 Nxe4 15. Bxe4 g6 16. dxe5 (16. Bb2 $5 {[%cal Rd4e5]} exd4 17. Rad1 $11 (17. Nxd4 Bxh2+ 18. Kxh2 Qh4+ 19. Kg1 Qxe4 $11) (17. Bxd4 Qe7 $15)) 16... Nxe5 17. Nxe5 Bxe5 18. Bb2 a4 19. Qc2 Bxb2 20. Qxb2 {[#]} Qe7 $146 21. Qc2 Rfe8 22. Bf3 c5 {[#] aiming for ...Bxf3.} 23. Bxb7 Qxb7 24. bxc5 Re5 25. Rfc1 Qc6 {[%cal Re5c5]} 26. Rab1 Rxc5 (26... Rg5 {is more complex.} 27. g3 Rxc5 28. Qxc5 Qxc5 29. Rxc5 Rxc5 30. Kg2 Kf8) 27. Qxc5 {The position is equal.} Qxc5 28. Rxc5 Rxc5 $11 {[%mdl 4096] Endgame KR-KR} 29. Kf1 Kg7 30. Ke2 Rc3 31. Rxb5 Rxa3 32. Ra5 h5 33. h4 Ra2+ 34. Kf3 a3 35. Ra6 f5 36. g3 Kf7 37. Ra4 Kg7 38. Ra6 Kf7 {Precision: White = 59%, Black = 67%.} 1/2-1/2

[Event "XII Americas Continental-ch 2017"]
[Site "Medellin"]
[Date "2017.06.14"]
[Round "7"]
[White "Ramirez, Alejandro"]
[Black "Duran Vega, Sergio"]
[Result "1-0"]
[WhiteElo "2552"]
[BlackElo "2408"]
[Annotator "TA"]
[PlyCount "49"]
[EventDate "2017.??.??"]
[EventType "swiss"]
[EventCountry "COL"]
[SourceTitle "playchess.com"]
[Source "ChessBase"]
[SourceQuality "1"]

{[%evp 9,49,-32,-40,-31,-16,-23,-22,-22,17,-35,-35,-66,46,64,123,127,132,135,114,85,89,86,97,89,96,99,104,91,117,95,210,207,276,272,290,323,448,439,445,440,454,464]} 1. Nf3 d5 2. b3 e6 3. c4 d4 4. e3 Nc6 5. g3 $146 ({Predecessor:} 5. Bb2 e5 6. exd4 exd4 7. d3 Nf6 8. Be2 Be7 9. O-O O-O 10. Na3 Re8 11. Nc2 Bc5 {1-0 (42) Malakhov,V (2717)-Oparin,G (2526) Riga 2014}) 5... e5 6. Bg2 {A13: English Opening: 1...e6} dxe3 7. dxe3 Qxd1+ 8. Kxd1 {The position is equal.} Bf5 9. Bb2 (9. Ke2 $1 $11) 9... O-O-O+ $15 10. Kc1 Nb4 (10... Nf6 $15) 11. Nxe5 $14 f6 ({Black should play} 11... Nh6 $14) 12. a3 $16 Na6 {[%cal Bb4a6,Ba6c5,Bc5b3][%mdl 32] [#] White must now prevent ...Nc5.} 13. Nf7 $36 {[%mdl 2048] Threatens to win with Bxb7+! White has strong initiative.} Nc5 {[%cal Rc5b3]} 14. Bd4 Nxb3+ 15. Kb2 Rd7 16. Nxh8 Nxa1 17. Kxa1 Nh6 18. h3 Be6 19. g4 {Strongly threatening Be4.} Bd6 (19... Be7 $16) 20. Be4 $18 {c5 is the strong threat.} ({Inferior is} 20. Bxa7 Be5+ 21. Bd4 Rxd4 $11) 20... f5 21. Bc2 fxg4 22. c5 ({Less strong is} 22. Bxh7 g5 $16) 22... Bf8 23. hxg4 {White is clearly winning.} Bxg4 24. Bxh7 Nf5 25. Ng6 {Precision: White = 72%, Black = 37%.} 1-0

[Event "XII Americas Continental-ch 2017"]
[Site "Medellin"]
[Date "2017.06.14"]
[Round "7"]
[White "Morovic Fernandez, Ivan"]
[Black "Ynojosa Aponte, Felix Jose"]
[Result "0-1"]
[WhiteElo "2537"]
[BlackElo "2395"]
[Annotator "TA"]
[PlyCount "108"]
[EventDate "2017.??.??"]
[EventType "swiss"]
[EventCountry "COL"]
[SourceTitle "playchess.com"]
[Source "ChessBase"]
[SourceQuality "1"]

{[%evp 19,108,6,9,-19,-11,0,-15,-32,6,11,22,0,0,0,0,0,0,-29,-38,-37,-6,-60,-55,-73,-43,-16,-16,-116,-117,-124,-116,-143,-118,-122,-111,-93,-96,-115,0,-3,0,0,0,0,0,0,0,-12,-6,-12,-14,-16,-12,-315,-320,-364,-350,-358,-357,-341,-304,-793,-793,-759,-753,-684,-456,-456,-456,-456,-443,-373,-371,-324,-310,-310,-304,-289,-229,-498,-493,-651,-615,-565,-552,-497,-406,-1641,-710,-1260,-1184]} 1. c4 c5 2. Nf3 Nc6 3. Nc3 e5 4. g3 Nf6 5. Bg2 Be7 6. O-O d6 7. d3 {A34: Symmetrical English: 2 Nc3, lines with ...d5} h6 8. a3 O-O 9. Rb1 a5 (9... Be6 10. b4 Qd7 11. Re1 b6 12. e3 e4 13. dxe4 Bxc4 14. bxc5 bxc5 15. e5 Ng4 16. Qa4 Ncxe5 17. Nxe5 Qxa4 18. Nxa4 Nxe5 19. Bxa8 Rxa8 {0-1 (50) Barbosa,O (2518)-Li,C (2720) chess.com INT 2017}) 10. Ne1 Be6 {LiveBook: 7 Games} 11. Nc2 d5 12. cxd5 Nxd5 13. Ne3 Nb6 14. b3 Rb8 {[#]} 15. Nc4 $146 ({Predecessor:} 15. Bd2 Bg5 16. f4 exf4 17. gxf4 {½-½ (55) Bindrich,F (2522)-Volodin,A (2422) Chotowa 2010}) 15... Nd5 16. Nxd5 Bxd5 17. Bh3 f6 18. Ne3 Bf7 $1 19. Nf5 Nd4 {[%cal Bc6d4,Bd4e6,Be6g5][%mdl 32]} (19... Re8 {keeps more tension.} 20. Bd2 Bf8 21. Ne3 b5 22. Re1 Nd4) 20. Nxe7+ (20. Bd2 $11) 20... Qxe7 $15 21. Bd2 b5 {[%cal Bb7b5,Bb5b4][%mdl 32]} 22. e3 Ne6 23. f4 (23. Bxa5 $11 {keeps the balance.} b4 24. Ra1) 23... b4 $1 $17 24. fxe5 fxe5 25. Bf5 g6 26. Be4 Ng5 27. Bg2 Be6 28. axb4 axb4 ({Black should play} 28... cxb4 $17 29. e4 Qa7+ 30. Kh1 Nh3 31. Bxh3 Bxh3) 29. e4 $11 Rxf1+ 30. Qxf1 Bf7 31. h4 Ne6 32. Bxh6 Nd4 33. Bg5 Qd6 34. Rb2 Bxb3 35. Rf2 $1 {[%cal Rf2f6] Hoping for Rf6.} Rf8 $36 {[%mdl 2048] Black has good play.} 36. Bf6 $2 {[%mdl 8192]} (36. Rxf8+ $11 Qxf8 37. Qa1) 36... Bc2 $1 $19 37. Bg5 {[#]} Rxf2 $1 38. Kxf2 b3 39. Bc1 Qb6 {aiming for ...c4.} 40. Bb2 $2 {[#]} (40. Kg1) 40... c4 $1 {[%mdl 512]} 41. dxc4 Nf5+ $1 42. Ke1 Ne3 43. Qe2 Qa5+ 44. Qd2 Nxg2+ 45. Ke2 {[#]} Qxd2+ $1 46. Kxd2 Kf7 (46... Bxe4 47. Bxe5 Kf7 48. Bd4 $19) 47. Bxe5 Ke6 ({Don't play} 47... Bxe4 48. Kc3 $19) 48. Bd4 Bxe4 49. Kc3 $2 (49. Bh8) 49... Bc2 50. Bf2 Kf5 51. c5 Kg4 52. c6 Kf3 53. c7 (53. Bc5 $142 Kxg3 54. c7) 53... Bf5 54. Bc5 Be6 {Precision: White = 37%, Black = 84%.} 0-1

[Event "XII Americas Continental-ch 2017"]
[Site "Medellin"]
[Date "2017.06.14"]
[Round "7"]
[White "Rios, Cristhian Camilo"]
[Black "Ortiz Suarez, Isan Reynaldo"]
[Result "0-1"]
[WhiteElo "2499"]
[BlackElo "2570"]
[Annotator "TA"]
[PlyCount "76"]
[EventDate "2017.??.??"]
[EventType "swiss"]
[EventCountry "COL"]
[SourceTitle "playchess.com"]
[Source "ChessBase"]
[SourceQuality "1"]

{[%evp 19,76,-22,0,-8,-19,-9,0,-72,0,0,0,-50,-45,-72,-43,-40,-23,-52,0,6,10,21,22,27,21,-68,1,14,0,0,0,-69,-76,-119,-122,-117,-51,-106,-125,-194,-207,-267,-265,-268,-268,-260,-261,-275,-250,-435,-402,-419,-437,-485,-418,-452,-446,-435,-428]} 1. d4 d5 2. c4 c6 3. Nc3 Nf6 4. Nf3 e6 5. Bg5 dxc4 6. e4 {[%cal Be2e4,Be4e5][%mdl 32]} b5 7. e5 h6 8. Bh4 g5 9. Bg3 Nd5 10. Nd2 Bb7 {LiveBook: 27 Games. D44: Semi-Slav: Botvinnik System} 11. h4 g4 $146 ({Predecessor:} 11... Nxc3 12. bxc3 c5 13. Qb1 Qa5 14. Bxc4 Bc6 15. d5 exd5 16. Be2 Bg7 17. Qc2 Nd7 18. e6 {1-0 (38) Gormally,D (2520)-Thompson,I (2281) England 2011}) 12. Qxg4 Nd7 {The position is equal.} 13. h5 {[#]} (13. Nxd5 $11 {keeps the balance.} cxd5 14. Be2) 13... Qa5 (13... Nxc3 $1 $17 14. bxc3 Qa5) 14. Nxd5 $1 $11 cxd5 15. Qd1 Qb6 16. Rh4 Be7 17. Rg4 O-O-O 18. a4 Rhg8 ({Better is} 18... bxa4 $15 19. Qc2 Rhg8) 19. a5 Qc7 20. Rxg8 Rxg8 21. Qf3 f5 22. Bf4 (22. exf6 $1 $11 Bd6 23. Ra3) 22... Bg5 (22... Nb8 $15) 23. Bxg5 Rxg5 24. Qa3 Kd8 $36 {[%mdl 2048] Black has the initiative.} 25. f4 (25. Nf3 $11 Rxh5 26. Kd2) 25... Rg8 $15 26. a6 Bc6 27. Nf3 Nb8 (27... Nb6 $17 28. Nh4 Nc8) 28. Nh4 {[#]} (28. b3 $15) 28... Be8 $1 $17 29. Be2 (29. Ng6 $17 {was worth a try.}) 29... Nc6 $19 30. Qc5 Qe7 31. Qxe7+ Kxe7 32. Rd1 b4 {[%cal Bb5b4,Bb4b3][%mdl 32]} 33. Kf2 b3 34. g4 $2 (34. g3 {is a better defense.}) 34... fxg4 35. f5 {intending Ng6+.} Bxh5 36. f6+ Kd7 37. Ke3 Bf7 38. Ng2 h5 {Precision: White = 44%, Black = 44%.} 0-1